00827nam a2200205Ia 4500008004100000020001500041041001200056082001600068100001700084245006300101250000800164260004900172300000800221650000800229700001800237942000700255999001500262952017200277952017200449221030s9999 xx 000 0 und d a8122411509 aEnglish a105.23bKak aS. L. Kakani 2aA Text Book OF Electronicscby S. L. Kakani, K. C. Bhandri a2nd bNew Age International Pub.aNew Delhic2000 a582 aECE aK. C. Bhandri cBK c6640d6640 pBE 1966g200.00l0o105.23 Kakr2024-06-13 00:00:00w2022-10-30yBK003Print4070aMIETLIBbMIETLIBcBL-Academic Block- A, FL-1, CUP-12, SH-1, R-1d2000-09-2210HBE pBE 2538g140.00l0o105.23 Kakr2024-06-13 00:00:00w2022-10-30yBK003Print4070aMIETLIBbMIETLIBcBL-Academic Block- A, FL-1, CUP-12, SH-1, R-1d2001-02-0910HBE